000 00353nam a2200145Ia 4500
008 230917s9999||||xx |||||||||||||| ||und||
040 _e220305
_aMAIN
041 _aEnglish
082 _a658.8 B469M
100 _aBhatia, Jeannie
245 0 _aMarketing strategies of car manufacturers in India
260 _c2013
300 _a215 p.
942 _cTH
999 _c126237
_d126237